|
|
|
|
| LEADER |
00000nam0a2200000 4500 |
| 001 |
36403 |
| 005 |
20231031001805.0 |
| 035 |
|
|
|a (RuTPU)RU\TPU\book\36875
|
| 035 |
|
|
|a BOOK00003527
|
| 090 |
|
|
|a 36403
|
| 100 |
|
|
|a 20011210d1981 km y0rusy50 ca
|
| 101 |
0 |
|
|a rus
|
| 102 |
|
|
|a RU
|
| 105 |
|
|
|a a z 000zy
|
| 200 |
1 |
|
|a Многофункциональные аналоговые регулирующие устройства автоматики
|f А. У. Ялышев, О. И. Разоренов
|
| 210 |
|
|
|a Москва
|c Машиностроение
|d 1981
|
| 215 |
|
|
|a 399 с.
|c ил.
|
| 610 |
1 |
|
|a автоматика
|
| 610 |
1 |
|
|a регулирующие устройства аналоговые
|
| 610 |
1 |
|
|a проектирование
|
| 610 |
1 |
|
|a теория
|
| 610 |
1 |
|
|a схемы
|
| 610 |
1 |
|
|a аналитические выражения
|
| 610 |
1 |
|
|a законы регулирования
|
| 675 |
|
|
|a 681.515
|v 3
|
| 700 |
|
1 |
|a Ялышев
|b А. У.
|g Алий Умярович
|
| 701 |
|
1 |
|a Разоренов
|b О. И.
|g Олег Иванович
|
| 801 |
|
0 |
|a RU
|b 63413507
|c 20011210
|g PSBO
|
| 801 |
|
2 |
|a RU
|b 63413507
|c 20160923
|g PSBO
|
| 900 |
|
|
|a Средства автоматизации и приборы контроля химического производства
|
| 900 |
|
|
|a Проектирование автоматизированных систем
|
| 942 |
|
|
|c BK
|